000 00902cam a22002531 4500
001 he 67001496
003 DLC
005 20260227111448.0
008 840829s1967 is ab b 000 0 heb
010 _ahe 67001496
035 _a(OCoLC)19186950
040 _aDLC
_cMH
_dCU
_dDLC
042 _apremarc
050 0 0 _aDS118
_b.R22
100 1 _aRappaport, Uriel,
_d1935-
245 1 0 _aToldot Yiśraʼel bi-teḳufat ha-Bayit ha-sheni :
_bsefer ʻezer le-talmide ha-kitot ha-ʻelyonot shel bet ha-sefer ha-tikhon...
260 _a[Tel Aviv] :
_bʻAmiḥai,
_c[1967]
300 _a258 p. :
_bill., maps ;
_c24 cm.
500 _aAdded t.p.: A history of Israel in the period of the Second Temple.
504 _aIncludes bibliographical references (p. 250-258).
650 0 _aJews
_xHistory
_yTo 70 A.D.
740 0 _aHistory of Israel in the period of the Second Temple.
752 _aIsrael
_dTel Aviv
999 _c32524
_d32524